[Event "Berlin-ch Seniors op 34th"]
[Site "Berlin"]
[Date "2018.02.02"]
[Round "4"]
[White "Behrmann, Joachim"]
[Black "Federau, Juergen"]
[Result "0-1"]
[WhiteElo "2200"]
[BlackElo "2112"]
[PlyCount "60"]
[EventDate "2018.01.30"]
[EventType "swiss"]
[EventRounds "9"]
[EventCountry "GER"]
[SourceTitle "EXT 2020"]
[Source "ChessBase"]
[SourceDate "2019.10.17"]
[SourceVersion "1"]
[SourceVersionDate "2019.10.17"]
[SourceQuality "1"]

1. d4 Nf6 2. c4 e6 3. Nc3 Bb4 4. e3 0-0 5. Nge2 d5 6. a3 Bd6 7. Ng3 c6 8. Bd3 Nbd7 9. 0-0 dxc4 10. Bxc4 Bxg3 11. hxg3 e5 12. Bb3 Qe7 13. e4 exd4 14. Qxd4 Nc5 15. Bc2 Rd8 16. Qe3 Ng4 17. Qe2 h5 18. Be3 Be6 19. Rfd1 b5 20. f3 Nxe3 21. Qxe3 Nd7 22. Rd4 Ne5 23. Rad1 Nc4 24. Qf2 Nxb2 25. Rxd8+ Rxd8 26. Rxd8+ Qxd8 27. f4 Qb6 28. f5 Qxf2+ 29. Kxf2 Bd7 30. e5 Nc4 0-1

[Event "Berlin-ch Seniors op 34th"]
[Site "Berlin"]
[Date "2018.01.31"]
[Round "2"]
[White "Behrmann, Joachim"]
[Black "Fiedler, Wolfgang2222"]
[Result "1-0"]
[WhiteElo "2200"]
[BlackElo "1892"]
[PlyCount "111"]
[EventDate "2018.01.30"]
[EventType "swiss"]
[EventRounds "9"]
[EventCountry "GER"]
[SourceTitle "EXT 2020"]
[Source "ChessBase"]
[SourceDate "2019.10.17"]
[SourceVersion "1"]
[SourceVersionDate "2019.10.17"]
[SourceQuality "1"]

1. d4 Nf6 2. c4 e6 3. Nc3 Bb4 4. f3 c5 5. d5 Bxc3+ 6. bxc3 e5 7. e4 d6 8. Bd3 h6 9. Be3 Nbd7 10. Ne2 Nf8 11. h4 Ng6 12. h5 Ne7 13. g4 Qc7 14. Ng3 Bd7 15. Nf5 Nxf5 16. gxf5 0-0-0 17. Kd2 Rde8 18. Qg1 Rhg8 19. Qh2 Ba4 20. Rhg1 Nd7 21. Rg2 Qd8 22. Rag1 Qf6 23. Kc1 Nf8 24. Bf2 g5 25. hxg6 fxg6 26. Qxh6 Rh8 27. Qg5 Qxg5+ 28. Rxg5 gxf5 29. exf5 Nd7 30. Rg6 Kc7 31. Kb2 Rh2 32. R1g2 Rxg2 33. Rxg2 Nf6 34. Rg7+ Bd7 35. Bc2 Kc8 36. Bh4 Rf8 37. Rg6 Ne8 38. Be7 Rf7 39. f6 Kc7 40. Rh6 Nxf6 41. Bxf6 b5 42. cxb5 Bxb5 43. Rh7 Rxh7 44. Bxh7 Bc4 45. Be4 a6 46. a3 a5 47. Kc2 a4 48. Kd2 Kd7 49. Ke3 Bb3 50. f4 exf4+ 51. Kxf4 Kc7 52. Kf5 Kd7 53. Kg6 Kc7 54. Kf7 Kd7 55. Bf5+ Kc7 56. Ke6 1-0

[Event "Berlin Lichtenberger op 16th"]
[Site "Berlin"]
[Date "2017.08.20"]
[Round "2"]
[White "Schubert, Joachim"]
[Black "Behrmann, Joachim"]
[Result "1/2-1/2"]
[WhiteElo "1893"]
[BlackElo "2206"]
[PlyCount "81"]
[EventDate "2017.08.19"]
[EventType "swiss"]
[EventRounds "9"]
[EventCountry "GER"]
[SourceTitle "CBM 180 Extra"]
[Source "ChessBase"]
[SourceDate "2017.10.06"]
[SourceVersion "1"]
[SourceVersionDate "2017.10.06"]
[SourceQuality "1"]

1. e4 e5 2. Nf3 Nc6 3. Bb5 a6 4. Ba4 d6 5. h3 Nf6 6. 0-0 Be7 7. Re1 b5 8. Bb3 0-0 9. c3 Nb8 10. d4 Nbd7 11. Nbd2 Bb7 12. Bc2 Re8 13. Nf1 c5 14. d5 c4 15. Be3 a5 16. a3 Qc7 17. Ng3 Nc5 18. Nd2 Bc8 19. Qe2 Ba6 20. Qf3 Reb8 21. Nf5 Bf8 22. Bg5 Ne8 23. Qg3 b4 24. axb4 axb4 25. Re3 f6 26. Bh4 bxc3 27. Rxc3 Bb5 28. Rxa8 Rxa8 29. Nxc4 Ra1+ 30. Kh2 Qa7 31. Na3 Ba4 32. Qe3 Qb7 33. Bxa4 Nxa4 34. Rb3 Qa6 35. Rb8 Kf7 36. Qb3 Nc5 37. Qb5 Qxb5 38. Nxb5 Nxe4 39. Rb7+ Kg8 40. Rb8 Kf7 41. Rb7+ 1/2-1/2

[Event "Berlin Lichtenrade op 05th"]
[Site "Berlin"]
[Date "2009.10.21"]
[Round "5"]
[White "Gunajew, Rafal"]
[Black "Behrmann, Joachim"]
[Result "1/2-1/2"]
[WhiteElo "2261"]
[BlackElo "2203"]
[PlyCount "115"]
[EventDate "2009.10.11"]
[EventType "swiss"]
[EventRounds "9"]
[EventCountry "GER"]
[SourceTitle "EXT 2010"]
[Source "ChessBase"]
[SourceDate "2010.11.25"]
[SourceVersion "1"]
[SourceVersionDate "2010.11.25"]
[SourceQuality "1"]

1. e4 e5 2. Nf3 Nc6 3. Nc3 Nf6 4. Bb5 Bb4 5. 0-0 0-0 6. d3 Bxc3 7. bxc3 d6 8. Re1 Ne7 9. d4 Ng6 10. dxe5 Nxe5 11. Nxe5 dxe5 12. Ba3 Bg4 13. f3 c6 14. Bxf8 Qb6+ 15. Kh1 Rxf8 16. Bf1 Be6 17. Qd6 Nd7 18. Rab1 Qf2 19. Re2 Qc5 20. Rd2 Qxd6 21. Rxd6 Nc5 22. a3 Re8 23. Rbd1 Kf8 24. Rd8 Na4 25. c4 Ke7 26. Rxe8+ Kxe8 27. Kg1 Nb6 28. Rb1 Bc8 29. Kf2 Ke7 30. g3 c5 31. f4 f6 32. f5 Bd7 33. h4 Be8 34. g4 Ba4 35. Bd3 Be8 36. g5 Kf7 37. Rg1 Ke7 38. Ke3 Na4 39. Kd2 Nb6 40. Kc3 Nc8 41. Kd2 b6 42. Ke3 Nd6 43. Rd1 Nb7 44. Be2 Nd6 45. gxf6+ gxf6 46. Rg1 Kf8 47. c3 Nc8 48. Rb1 Ke7 49. h5 h6 50. Rg1 Kf8 51. a4 a5 52. Bd1 Nd6 53. Kd3 Nc8 54. Bc2 Nd6 55. Rb1 Nc8 56. Ke3 Ke7 57. Bd3 Kf8 58. Rg1 1/2-1/2

[Event "Berlin Lichtenrade op 05th"]
[Site "Berlin"]
[Date "2009.10.20"]
[Round "4"]
[White "Brandt, Fred"]
[Black "Behrmann, Joachim"]
[Result "0-1"]
[WhiteElo "1909"]
[BlackElo "2203"]
[PlyCount "90"]
[EventDate "2009.10.11"]
[EventType "swiss"]
[EventRounds "9"]
[EventCountry "GER"]
[SourceTitle "EXT 2010"]
[Source "ChessBase"]
[SourceDate "2010.11.25"]
[SourceVersion "1"]
[SourceVersionDate "2010.11.25"]
[SourceQuality "1"]

1. d4 d5 2. Nf3 Nf6 3. e3 g6 4. Bd3 Bg7 5. Nbd2 Nbd7 6. 0-0 c5 7. b3 0-0 8. Bb2 e5 9. dxe5 Ng4 10. Rb1 Ndxe5 11. h3 Nxd3 12. cxd3 Nf6 13. Re1 b6 14. Nf1 Re8 15. Ng3 Bb7 16. d4 Rc8 17. Rc1 Qd6 18. Qd3 Ne4 19. Ne2 Red8 20. Rc2 c4 21. Qd1 b5 22. bxc4 dxc4 23. Nc3 b4 24. Nxe4 Bxe4 25. Rc1 c3 26. Ba1 f5 27. Ng5 Bd5 28. e4 fxe4 29. Nxe4 Bxe4 30. Rxe4 Bxd4 31. Qb3+ Kh8 32. Qc2 Rd7 33. Re2 a5 34. Rce1 Rf8 35. Qe4 Rdf7 36. Rf1 Rf4 37. Qc2 Qc5 38. g3 Rf3 39. Kg2 Qd5 40. Kh2 Qc5 41. Kg2 Kg7 42. h4 R8f7 43. g4 R7f4 44. Qa4 Rxg4+ 45. Kxf3 Qf5# 0-1

[Event "Berlin Lichtenberger op 8th"]
[Site "Berlin"]
[Date "2009.08.22"]
[Round "8"]
[White "Penne, Bo"]
[Black "Behrmann, Joachim"]
[Result "0-1"]
[WhiteElo "2000"]
[BlackElo "2216"]
[PlyCount "94"]
[EventDate "2009.08.15"]
[EventType "swiss"]
[EventRounds "9"]
[EventCountry "GER"]
[SourceTitle "CBM 131 Extra"]
[Source "ChessBase"]
[SourceDate "2009.09.03"]
[SourceVersion "2"]
[SourceVersionDate "2009.09.16"]
[SourceQuality "1"]

1. e4 e5 2. Nf3 Nc6 3. Nc3 Nf6 4. d4 exd4 5. Nxd4 Bb4 6. Nxc6 bxc6 7. Bd3 0-0 8. 0-0 d5 9. exd5 cxd5 10. Bg5 c6 11. Qf3 Be7 12. Rfe1 Rb8 13. Na4 h6 14. Bd2 c5 15. Bf5 Bb7 16. Bf4 Bd6 17. Bxd6 Qxd6 18. Qa3 Qf4 19. Bh3 Ne4 20. Qe3 Qxe3 21. Rxe3 Bc6 22. b3 Bxa4 23. bxa4 Rb4 24. Bd7 Rc4 25. Rc1 Rc3 26. Rd3 c4 27. Rxd5 Nf6 28. Rdd1 Rd8 29. Bg4 Rxd1+ 30. Bxd1 Ra3 31. Ra1 Rxa4 32. Bf3 Ra3 33. Kf1 Kf8 34. Ke2 Ke7 35. Kd2 Kd6 36. c3 g5 37. g3 g4 38. Bg2 Nd5 39. Bxd5 Kxd5 40. Kc2 Ke4 41. Kb2 Ra5 42. Re1+ Kf3 43. Re7 Kxf2 44. Rxf7+ Kg2 45. Rf4 h5 46. Rxc4 Kxh2 47. Rd4 Kxg3 0-1

[Event "Berlin Lichtenrade op 04th"]
[Site "Berlin"]
[Date "2008.10.22"]
[Round "5"]
[White "Behrmann, Joachim"]
[Black "Dauth, Benjamin"]
[Result "1/2-1/2"]
[WhiteElo "2204"]
[BlackElo "2266"]
[PlyCount "230"]
[EventDate "2008.10.18"]
[EventType "swiss"]
[EventRounds "9"]
[EventCountry "GER"]
[SourceTitle "CBM 126 Extra"]
[Source "ChessBase"]
[SourceDate "2008.11.05"]
[SourceVersion "1"]
[SourceVersionDate "2008.11.05"]
[SourceQuality "1"]

1. d4 Nf6 2. c4 e5 3. dxe5 Ng4 4. Bf4 Nc6 5. Nf3 Bb4+ 6. Nbd2 Qe7 7. e3 Ncxe5 8. Nxe5 Nxe5 9. Be2 Ng6 10. Bg3 0-0 11. 0-0 Bd6 12. Bxd6 Qxd6 13. Nf3 Qe7 14. Rc1 d6 15. Qd4 b6 16. Rfd1 a5 17. b3 Bb7 18. Rd2 Ne5 19. Nxe5 dxe5 20. Qd7 Qg5 21. Qg4 Qh6 22. Bf3 f5 23. Qh5 Qxh5 24. Bxh5 Bc6 25. Rcd1 g5 26. Bf3 e4 27. Be2 Kg7 28. g3 Kg6 29. Rd4 Rae8 30. Rc1 Re6 31. Rcd1 Kf6 32. Rd8 Ree8 33. Rxe8 Rxe8 34. Kf1 Ke7 35. Ke1 Rf8 36. Kd2 Bd7 37. Rh1 Rf6 38. f4 exf3 39. Bxf3 Rd6+ 40. Kc3 Rh6 41. Kd4 Rd6+ 42. Kc3 Rh6 43. Kd4 Kd6 44. e4 c5+ 45. Ke3 Re6 46. Rd1+ Ke7 47. Kf2 Rd6 48. Ke3 Re6 49. Kf2 Rf6 50. exf5 Bxf5 51. Kg2 Rd6 52. Re1+ Re6 53. Rf1 Bg6 54. Rf2 Rf6 55. Rd2 Rd6 56. Re2+ Re6 57. Rf2 Bd3 58. Bd5 Rf6 59. Rd2 Bf1+ 60. Kg1 Bh3 61. Bg2 Bg4 62. Bd5 Rd6 63. Rf2 Rf6 64. Rd2 h6 65. Kg2 Bf5 66. Re2+ Kd6 67. Kg1 Bg4 68. Re1 Rg6 69. Kf2 Rg7 70. Re8 Rg6 71. Re1 Bd7 72. Ke3 Rf6 73. Ke2 Bf5 74. Ke3 Ke5 75. Kd2+ Kd4 76. Rf1 Ke5 77. Re1+ Kd6 78. Re8 Bb1 79. a3 Bg6 80. Rb8 Ke5 81. Ke3 Rd6 82. Rb7 Bc2 83. Re7+ Kf6 84. Rf7+ Kg6 85. Re7 Bxb3 86. Kd3 Kf5 87. Kc3 Bd1 88. h3 h5 89. Be4+ Kf6 90. Re8 Ba4 91. Rh8 Bd1 92. Bd3 Kg7 93. Rh7+ Kg8 94. Re7 Rh6 95. Re5 g4 96. h4 Kf7 97. Be4 Kf6 98. Rg5 Rh8 99. Bg6 Rg8 100. Bc2 Rd8 101. Rxh5 Bxc2 102. Kxc2 Rd4 103. Kc3 Re4 104. Kd3 Re1 105. Rg5 Ra1 106. Rxg4 Rxa3+ 107. Ke4 Rc3 108. Kd5 a4 109. h5 Rd3+ 110. Kc6 Rd4 111. Rg6+ Kf7 112. Kxb6 Rxc4 113. Kb5 Rb4+ 114. Kxc5 Rb3 115. Ra6 Rxg3 1/2-1/2

[Event "Berlin Lichtenrade op 04th"]
[Site "Berlin"]
[Date "2008.10.18"]
[Round "1"]
[White "Behrmann, Joachim"]
[Black "Pixa, Richard"]
[Result "1-0"]
[WhiteElo "2204"]
[BlackElo "1803"]
[PlyCount "49"]
[EventDate "2008.10.18"]
[EventType "swiss"]
[EventRounds "9"]
[EventCountry "GER"]
[SourceTitle "CBM 126 Extra"]
[Source "ChessBase"]
[SourceDate "2008.11.05"]
[SourceVersion "1"]
[SourceVersionDate "2008.11.05"]
[SourceQuality "1"]

1. d4 d5 2. c4 e6 3. Nc3 c6 4. e3 Nf6 5. Nf3 Nbd7 6. Bd3 dxc4 7. Bxc4 b5 8. Bd3 a6 9. e4 Bb7 10. e5 Nd5 11. Nxd5 cxd5 12. 0-0 Be7 13. Bd2 0-0 14. Qe1 Qb6 15. Ba5 Qa7 16. Bb4 Bxb4 17. Qxb4 Qb6 18. Qd2 Qd8 19. Qe3 h6 20. Nd2 Nb6 21. b3 Rc8 22. f4 Qd7 23. f5 Rc3 24. f6 g6 25. Qxh6 1-0

[Event "Berlin Kreuzberg op 9th"]
[Site "Berlin"]
[Date "2008.07.27"]
[Round "8"]
[White "Dimitrijeski, Kristian"]
[Black "Behrmann, Joachim"]
[Result "1-0"]
[WhiteElo "2167"]
[BlackElo "2211"]
[PlyCount "111"]
[EventDate "2008.07.19"]
[EventType "swiss"]
[EventRounds "9"]
[EventCountry "GER"]
[SourceTitle "EXT 2019"]
[Source "ChessBase"]
[SourceDate "2018.10.10"]
[SourceVersion "1"]
[SourceVersionDate "2018.10.10"]
[SourceQuality "1"]

1. d4 d5 2. c4 e6 3. Nc3 Nf6 4. Bg5 Nbd7 5. cxd5 exd5 6. Qc2 Be7 7. e3 0-0 8. Bd3 Re8 9. Nf3 Nf8 10. 0-0 c6 11. h3 Be6 12. Rae1 Ne4 13. Bxe7 Rxe7 14. Nxe4 dxe4 15. Bxe4 Bxa2 16. b3 Bxb3 17. Qxb3 Rxe4 18. Qxb7 Re6 19. Ne5 Re7 20. Qxc6 a5 21. Ra1 Rea7 22. Ra4 Ra6 23. Qb5 Ng6 24. Nxg6 Rxg6 25. d5 f5 26. Rd1 Qg5 27. Qf1 Qd8 28. Qc4 Rd6 29. Qd4 Qd7 30. f3 Rg6 31. d6 Kf8 32. Qd5 Qxa4 33. Qxa8+ Qe8 34. Qxa5 Qxe3+ 35. Kh1 Qe2 36. Qxf5+ Kg8 37. Qd5+ Kf8 38. Qd2 Qxd2 39. Rxd2 Ke8 40. d7+ Kd8 41. Kg1 Ra6 42. Kf2 Ra4 43. Kg3 Rb4 44. f4 Ra4 45. Rd3 Ra2 46. Kf3 Ra5 47. g4 Rb5 48. g5 Rb1 49. Ra3 Rb7 50. Rd3 Rb1 51. Ke4 Re1+ 52. Kf5 Re7 53. h4 Rf7+ 54. Kg4 Re7 55. h5 Re1 56. Ra3 1-0

[Event "Oberliga Nord O 0708"]
[Site "Germany"]
[Date "2008.04.20"]
[Round "9.7"]
[White "Behrmann, Joachim"]
[Black "Mueller, Sebastian"]
[Result "1-0"]
[WhiteElo "2212"]
[BlackElo "2295"]
[PlyCount "69"]
[EventDate "2007.10.21"]
[EventType "team-tourn"]
[EventRounds "9"]
[EventCountry "GER"]
[SourceTitle "EXT 2009"]
[Source "ChessBase"]
[SourceDate "2008.11.26"]
[SourceVersion "1"]
[SourceVersionDate "2008.11.26"]
[SourceQuality "1"]
[WhiteTeam "Zehlendorf II"]
[BlackTeam "Lasker Steglitz"]
[WhiteTeamCountry "GER"]
[BlackTeamCountry "GER"]

1. d4 d5 2. c4 e6 3. Nc3 Nf6 4. Bg5 c6 5. e3 Nbd7 6. cxd5 exd5 7. Bd3 Be7 8. Nge2 0-0 9. Ng3 h6 10. h4 Re8 11. Nf5 h5 12. Qc2 Nf8 13. 0-0-0 Bxf5 14. Bxf5 g6 15. Bh3 N6h7 16. Bxe7 Qxe7 17. g4 Nf6 18. gxh5 Nxh5 19. Bg4 Nf6 20. Rdg1 N8h7 21. h5 g5 22. Bf5 Kh8 23. Rh3 Rg8 24. Rhg3 Rae8 25. h6 Qd8 26. f4 gxf4 27. Rg7 Nf8 28. exf4 Qd6 29. Qh2 N8h7 30. Qg3 Qf8 31. Nb1 b6 32. Nd2 c5 33. Nf3 cxd4 34. Ne5 Re7 35. Bxh7 1-0

[Event "Zehlendorf op"]
[Site "Berlin"]
[Date "2007.11.02"]
[Round "3"]
[White "Behrmann, Joachim"]
[Black "Simon, Ralf Axel"]
[Result "0-1"]
[WhiteElo "2192"]
[BlackElo "2176"]
[PlyCount "41"]
[EventDate "2007.10.11"]
[EventType "swiss"]
[EventRounds "7"]
[EventCountry "GER"]
[SourceTitle "EXT 2010"]
[Source "ChessBase"]
[SourceDate "2010.11.25"]
[SourceVersion "1"]
[SourceVersionDate "2010.11.25"]
[SourceQuality "1"]

1. d4 d5 2. c4 e6 3. Nc3 c6 4. e3 Nf6 5. Nf3 Nbd7 6. Bd3 dxc4 7. Bxc4 b5 8. Bd3 Bd6 9. Ng5 Bb7 10. Bd2 a6 11. Nce4 Be7 12. Rc1 c5 13. a4 cxd4 14. Nxf7 Kxf7 15. Ng5+ Kg8 16. Nxe6 Qb6 17. Nc7 Nc5 18. Bb1 Qxc7 19. exd4 Bxg2 20. Rg1 Qxh2 21. Ba2+ 0-1

[Event "Berlin Herbst op"]
[Site "Berlin"]
[Date "2007.10.18"]
[Round "5"]
[White "Behrmann, Joachim"]
[Black "Benninger, Rudolf"]
[Result "1-0"]
[WhiteElo "2212"]
[BlackElo "2130"]
[PlyCount "41"]
[EventDate "2007.10.14"]
[EventType "swiss"]
[EventRounds "9"]
[EventCountry "GER"]
[SourceTitle "EXT 2008"]
[Source "ChessBase"]
[SourceDate "2007.11.25"]
[SourceVersion "1"]
[SourceVersionDate "2007.11.25"]
[SourceQuality "1"]

1. d4 g6 2. c4 Bg7 3. Nc3 c5 4. d5 d6 5. e4 e6 6. Bd3 Nf6 7. h3 0-0 8. Nf3 exd5 9. exd5 Re8+ 10. Be3 Nh5 11. 0-0 f5 12. Bg5 Qb6 13. Re1 Rxe1+ 14. Qxe1 h6 15. Qe8+ Kh7 16. Nh4 hxg5 17. Qxg6+ Kg8 18. Qe8+ Bf8 19. Ng6 Qc7 20. Qxf8+ Kh7 21. Ne7 1-0

[Event "Zehlendorf op"]
[Site "Berlin"]
[Date "2007.10.14"]
[Round "1"]
[White "Behrmann, Joachim"]
[Black "Simon, Eberhard"]
[Result "1-0"]
[WhiteElo "2192"]
[BlackElo "1732"]
[PlyCount "61"]
[EventDate "2007.10.11"]
[EventType "swiss"]
[EventRounds "7"]
[EventCountry "GER"]
[SourceTitle "EXT 2010"]
[Source "ChessBase"]
[SourceDate "2010.11.25"]
[SourceVersion "1"]
[SourceVersionDate "2010.11.25"]
[SourceQuality "1"]

1. d4 Nf6 2. c4 e5 3. dxe5 Ng4 4. Bf4 Nc6 5. Nf3 Bb4+ 6. Nbd2 Qe7 7. e3 Ngxe5 8. Nxe5 Nxe5 9. Be2 0-0 10. 0-0 d6 11. Nb3 b6 12. a3 Bc5 13. Nxc5 bxc5 14. b4 cxb4 15. axb4 Bb7 16. Qd4 Ng6 17. Bg3 a6 18. c5 dxc5 19. Qxc5 Qxc5 20. bxc5 c6 21. Ra5 Rfd8 22. Bd6 Nf8 23. Rfa1 Ne6 24. f4 f5 25. Bxa6 Bxa6 26. Rxa6 Rxa6 27. Rxa6 Rc8 28. Ra7 Nd8 29. Be5 Nf7 30. Bd4 g5 31. fxg5 1-0

[Event "Berlin Herbst op"]
[Site "Berlin"]
[Date "2007.10.14"]
[Round "1"]
[White "Thau, Oliver"]
[Black "Behrmann, Joachim"]
[Result "0-1"]
[WhiteElo "1839"]
[BlackElo "2212"]
[PlyCount "84"]
[EventDate "2007.10.14"]
[EventType "swiss"]
[EventRounds "9"]
[EventCountry "GER"]
[SourceTitle "EXT 2008"]
[Source "ChessBase"]
[SourceDate "2007.11.25"]
[SourceVersion "1"]
[SourceVersionDate "2007.11.25"]
[SourceQuality "1"]

1. Nf3 d5 2. e4 dxe4 3. Ng5 Bf5 4. g4 Bg6 5. Bg2 Nf6 6. Nc3 Nc6 7. Ncxe4 Nxe4 8. Nxe4 e5 9. d3 Qd7 10. Be3 0-0-0 11. Qe2 f6 12. a3 h5 13. h3 hxg4 14. hxg4 Rxh1+ 15. Bxh1 Nd4 16. Bxd4 exd4 17. 0-0-0 Bf7 18. Qf3 c6 19. Bg2 Be6 20. Bh3 Qd5 21. Nd2 Qxf3 22. Nxf3 c5 23. Re1 Kd7 24. Nd2 Bd6 25. Ne4 b6 26. Rh1 Rh8 27. f3 Bf4+ 28. Kd1 Ke7 29. Bg2 Rc8 30. b3 b5 31. Bf1 c4 32. b4 c3 33. Rh5 a6 34. Nc5 Bf7 35. Rh3 a5 36. Nb7 axb4 37. axb4 Ra8 38. Na5 Bd5 39. Bg2 Bd6 40. Rh5 g5 41. Nb3 Bxb3 42. cxb3 Ra1+ 0-1

[Event "Berlin Lichtenberger Sommer 3th"]
[Site "Berlin"]
[Date "2004.08.21"]
[Round "7.16"]
[White "Behrmann, Joachim"]
[Black "Kapr, Klaus"]
[Result "1-0"]
[WhiteElo "2194"]
[BlackElo "2035"]
[PlyCount "67"]
[EventDate "2004.08.14"]
[EventType "swiss"]
[EventRounds "9"]
[EventCountry "GER"]
[SourceTitle "EXT 2022"]
[Source "ChessBase"]
[SourceDate "2021.10.06"]
[SourceVersion "1"]
[SourceVersionDate "2021.10.06"]
[SourceQuality "1"]

1. d4 d5 2. c4 Nc6 3. Nc3 Nf6 4. Nf3 dxc4 5. e4 Bg4 6. Be3 e6 7. Bxc4 Bb4 8. Qc2 0-0 9. Rd1 a6 10. Be2 Qe7 11. 0-0 Rad8 12. Na4 Nd7 13. a3 Ba5 14. d5 exd5 15. exd5 Bxf3 16. Bxf3 Nce5 17. Be2 b5 18. Nc5 Ra8 19. b4 Bb6 20. Rfe1 Rfe8 21. g3 a5 22. f4 axb4 23. axb4 Nc6 24. Bxb5 Nxb4 25. Qc3 Bxc5 26. Bf2 Bxf2+ 27. Kxf2 Ra2+ 28. Kf1 Nxd5 29. Rxe7 Nxc3 30. Rxe8+ Nf8 31. Rdd8 h6 32. Rxf8+ Kh7 33. Bd3+ g6 34. Rxf7# 1-0